1869 1242 1849 1218 1227 1439 1539 1871 1013 1228 1634 1574 1455 1976 1447 1054 1052 1181 1621 1539 1257 1498 1789 1364 1938 1127 1350 1792 1450 1652 1706 1212 1002 1659 1794 1472 1176 1846 1338 1767 1803 1848 1596 1960 1407 1944 1317 1871 1550 1943 1727 1393 1385 1869 1449 2000 1530 1406 1487 1171 1977 1006 1271 1613 1406 1163 1971 1036 1795 1079 1540 1497 1926 1195 1267 1306 1482 1537 1188 1573 1706 1727 1292 1032 1668 1331 1191 1277 1730 1529 1840 1241 1147 1074 1928 1930 1383 1311 1420 BCNSPRNW ULIB Ver.6.0+V

เปลี่ยนเป็นภาษาไทย

Change to English
 แสดงรายละเอียดบรรณานุกรม
  กลับหน้าหลัก

Brief Record : Get Marc (ISO 2709) : E-mail record : QR code < ปิดหน้าต่าง
LEADER : 00000nam 2200000uu 4500
001    13399122493
003     ULIB
008    980224s2538 th a m 000 0 tha d
020    ^a9745880442
099    ^aวพ.WT120^bจ258ป
100 0  ^aจันทร์ฉาย ฉายากุล
245 10 ^aประสิทธิผลของการให้ความรู้เรื่องการฝึกออกกำลังกายและการสนับสนุนจากสมาชิกในครอบครัวในการส่งเสริมการออกกำลังกายเพื่อสุขภาพของผู้สูงอายุชุมชนวัดมะกอก เขตพญาไทและเคหะชุมชนทุ่งสองห้อง เขตดอนเมือง กรุงเทพมหานคร =^bThe effectiveness of exercise education and social support from family members on promotion of exercise in the elderly in Wat Makok Community, Phayathai district, and in Thung Songhong Housing Community, Don Maung district ; Bangkok Metropolis /^cจันทร์ฉาย ฉายากุล
246 31 ^aEffectiveness of exercise education and social support from family members on promotion of exercise in the elderly in Wat Makok Community, Phayathai district, and inThung Songhong Housing Community, Don Maung district ; Bangkok Metropolis
260    ^a^c2538
300    ^aก-ถ, 228 แผ่น :^bภาพประกอบ ;^c30 ซม.
500    ^aSend to Single Search
502    ^aวิทยานิพนธ์ (วท.ม. (สาธารณสุขศาสตร์))--มหาวิทยาลัยมหิดล, 2538
610 24 ^aมหาวิทยาลัยมหิดล^xวิทยานิพนธ์
610 24 ^aมหาวิทยาลัยมหิดล. ^bคณะสาธารณสุขศาสตร์^xวิทยานิพนธ์
650  4 ^aการออกกำลังกาย^xในวัยชรา
650  4 ^aผู้สูงอายุ
650  4 ^aการออกกำลังกาย
650  4 ^aผู้สูงอายุกับการออกกำลังกาย
650  4 ^aพฤติกรรมสุขภาพ^xในวัยชรา
691    ^aวท.ม. (2538)
692    ^aพยาบาลสาธารณสุข (มหาวิทยาลัยมหิดล 2538)
710 2  ^aมหาวิทยาลัยมหิดล
710 2  ^aมหาวิทยาลัยมหิดล. ^bคณะสาธารณสุขศาสตร์
710 22 ^aมหาวิทยาลัยมหิดล.^tวิทยานิพนธ์
710 22 ^aMahidol University.^tThesis
945    ^p0^l0^i023429
999    ^aกมลทิพย์ ธนสารสุธี
รายการนี้ยังไม่มีแท็ก
คุณยังไม่ได้ล็อกอิน คุณสามารถมีกิจกรรมร่วมกับเว็บไซต์ได้ แต่ต้องล็อกอินก่อน ::
  ล็อกอิน

รายการสื่อสารสนเทศ

ลำดับที่ ประเภท เลขเรียก/บาร์โค้ด สถานที่ สถานะ
1. วิทยานิพนธ์
วิทยานิพนธ์
วพ.WT120 จ258ป  
  Barcode: 023429
ห้องสมุดวิทยาเขตสวรรค์ประชารักษ์
► วิทยานิพนธ์
บนชั้น

รายการใกล้เคียง
    หัวเรื่อง [ผู้สูงอายุ]
    หัวเรื่อง [การออกกำลังกาย]

BibComment


ยังไม่เคยถูกคอมเมนท์

คอมเมนท์ทรัพยากรรายการนี้
  คอมเมนท์: ประสิทธิผลของการ..


 Copyright 2026. Bcnsprnw @Library